000 00569nam a2200193 a 4500
001 1273
005 20140414131846.0
008 041206s19uu xx 00 eng d
020 _a0-440-40878-4
050 _aM 200
_bL59 1989
100 _aLewis, Shari
245 _aOne-minute Jewish stories /
_cadapted by Shari Lewis and Lan O'Kun ; illustrated by Roberta Collier.
260 _aNew York :
_bDell Pub.,
_c1989.
300 _a46 p. : ill. ; cm.
440 _aOne-Minute Stories.
650 _aJewish stories.
650 _aChildren stories.
999 _c109944
_d109944